| 000 | 00498nam a22001817a 4500 | ||
|---|---|---|---|
| 008 | 240530b |||||||| |||| 00| 0 eng d | ||
| 020 | _a9789937849982 | ||
| 041 | _aEng. | ||
| 082 | _a420.71/J781e | ||
| 100 | _aJoshi, Khem Raj | ||
| 245 | _aEnglish language teacher development | ||
| 260 |
_aKathmandu: _bIntelectuals book palace, _c2012 |
||
| 300 | _a327p. | ||
| 504 | _aIncludes bibliography | ||
| 650 | _aEnglish language- Teaching | ||
| 700 | _aRawal, Hima 'ed.' | ||
| 942 |
_2ddc _cISBN |
||
| 999 |
_c113612 _d113600 |
||